Simply astronomy / (Record no. 126929)

MARC details
000 -LEADER
campo de control de longitud fija 01462nam a22003617a 4500
003 - IDENTIFICADOR DE NÚMERO DE CONTROL
campo de control BJBSDDR
005 - FECHA Y HORA DE LA ÚLTIMA TRANSACCIÓN
campo de control 20260429122313.0
007 - CAMPO FIJO DE DESCRIPCIÓN FÍSICA--INFORMACIÓN GENERAL
campo de control de longitud fija ta
008 - DATOS DE LONGITUD FIJA--INFORMACIÓN GENERAL
campo de control de longitud fija 260424s2021 nyu||||| |||| 00| 0 eng d
020 ## - NÚMERO INTERNACIONAL ESTÁNDAR DEL LIBRO
Número Internacional Estándar del Libro 9780744029253 (hardcover)
020 ## - NÚMERO INTERNACIONAL ESTÁNDAR DEL LIBRO
Número Internacional Estándar del Libro 0744029252 (hardcover)
040 ## - FUENTE DE CATALOGACIÓN
Lengua de catalogación eng
Centro/agencia transcriptor DLC
041 ## - CÓDIGO DE IDIOMA
Código de lengua del texto/banda sonora o título independiente eng
050 14 - SIGNATURA TOPOGRÁFICA DE LA BIBLIOTECA DEL CONGRESO
Número de clasificación QB 44.3
Número de ítem S612 2021
245 00 - MENCIÓN DEL TÍTULO
Título Simply astronomy /
Mención de responsabilidad, etc. contributors, Abigail Beall, Philip Eales, Anton Vamplew.
246 30 - FORMA VARIANTE DEL TITULO
Título propio/Titulo breve Astronomy
246 1# - FORMA VARIANTE DEL TITULO
Texto de visualización At head of title:
Título propio/Titulo breve DK
250 ## - MENCION DE EDICION
Mención de edición First American edition
260 ## - PUBLICACIÓN, DISTRIBUCIÓN, ETC.
Lugar de publicación, distribución, etc. New York, NY :
Nombre del editor, distribuidor, etc. DK Publishing,
Fecha de publicación, distribución, etc. 2021
300 ## - DESCRIPCIÓN FÍSICA
Extensión 160 pages :
Otras características físicas illustrations (chiefly color) ;
Dimensiones 22 cm.
490 1# - MENCIÓN DE SERIE
Mención de serie Simply
500 ## - NOTA GENERAL
Nota general Includes index.
505 0# - NOTA DE CONTENIDO CON FORMATO
Nota de contenido con formato What is astronomy?<br/>The universe<br/>The solar system<br/>Stars and galaxies<br/>Observing the night sky<br/>The constellations
520 ## - RESUMEN, ETC.
Sumario, etc. Grasping astronomy has never been easier, whether you are a complete beginner, or simply want a jargon-free reference to astronomy and stargazing, this essential guide is packed with everything you need to understand the basics quickly and easily
650 #4 - PUNTO DE ACCESO ADICIONAL DE MATERIA--TÉRMINO DE MATERIA
Término de materia o nombre geográfico como elemento de entrada Astronomía
9 (RLIN) 6080
Subdivisión de forma Trabajos populares
700 1# - ENTRADA AGREGADA--NOMBRE PERSONAL
Nombre de persona Beall, Abigail
9 (RLIN) 42164
Término indicativo de función/relación contributor
700 1# - ENTRADA AGREGADA--NOMBRE PERSONAL
Nombre de persona Eales, Philip
9 (RLIN) 42165
Término indicativo de función/relación contributor
700 1# - ENTRADA AGREGADA--NOMBRE PERSONAL
Nombre de persona Vamplew, Anton
9 (RLIN) 48144
Término indicativo de función/relación contributor
710 1# - ENTRADA AGREGADA--NOMBRE DE ENTIDAD CORPORATIVA
Nombre de entidad corporativa o nombre de jurisdicción como elemento de entrada DK Publishing, Inc.
9 (RLIN) 25656
830 #0 - PUNTO DE ACCESO ADICIONAL DE SERIE-TÍTULO UNIFORME
Título uniforme Simply (DK Publishing, Inc.)
9 (RLIN) 44649
942 ## - ELEMENTOS DE ENTRADA SECUNDARIOS (KOHA)
Fuente del sistema de clasificación o colocación Clasificación de Library of Congress
Tipo de ítem Koha Libro
946 ## - PROCESAMIENTO DE INFORMACIÓN LOCAL (OCLC)
Iniciales del agente catalogador cmc
Holdings
Estatus retirado Estado de pérdida Fuente del sistema de clasificación o colocación Estado de daño No para préstamo Colección Biblioteca de origen Biblioteca actual Ubicación en estantería Fecha de adquisición Signatura topográfica completa Código de barras Visto por última vez Copia número Tipo de ítem Koha
    Clasificación de Library of Congress     Humanidades Biblioteca Juan Bosch Biblioteca Juan Bosch Humanidades (4to. Piso) 24/04/2026 QB 44.3 S612 2021 00000199719 24/04/2026 1 Libro